000 01428nam a2200325 i 4500
003 DO-SdBNP
005 20240826125436.0
006 a||||gr|||| 00| 0
007 ta
008 240813e2024 dr ao||| |||| 00| 0 spa d
020 _a9789945189230
040 _aDO-SdBNP
_bspa
_cBNPHU
_erda
082 4 _222
_bG643r 2024
100 1 _aGonzález, Geraldino,
_d1957-
_eautor
_920628
245 1 0 _aRiquezas dominicanas:
_bislas, cayos e islotes de la República Dominicana /
_cGeraldino González; fotografías, Johan Flores.
250 _aSegunda edición
264 1 _aSanto Domingo :
_bEl Nuevo Diario,
_c2024
300 _a235 páginas :
_bilustraciones, fotografías ;
_c28 cm.
336 _2rdacontent
_atexto
_btxt
337 _2rdamedia
_asin mediación
_bn
338 _2rdacarrier
_avolumen
_bnc
500 _aIncluye datos biográficos del autor en la contracubierta.
504 _aBibliografía: página 235
505 _aDedictoria.-- Introducción.-- Presentación.-- Costas y áreas marítimas de República Dominicana.-- Riquezas Dominicanas: Islas, Cayos e Islotes de la República Dominicana.
_tRegión Sureste.--
_tRegión Suroeste.--
_tRegión Nordeste.--
_tRegión Noroeste.--
590 _aInventariado 2024 / MF
650 4 _aBiodiversidad
_947211
_zRepública Dominicana
650 4 _aEcosistemas Costeros
_910254
_zRepública Dominicana
700 1 _aFlores, Johan,
_efotografías
_986325
942 _2ddc
_cLBS1
999 _c57426
_d57426